Statistics for General Knowledge - Geography

Click here to take the quiz!

General Stats

  • This quiz has been taken 28 times
  • The average score is 13 of 20

Answer Stats

QuestionAnswer% Correct
Finland is the largest country in EuropeFalse
93%
Flanders in in BelgiumTrue
89%
The largest US state is CaliforniaFalse
85%
The capital of Equatorial Guinea is MalaboTrue
85%
The island of Aruba belongs to the NetherlandsTrue
78%
The state of Arkansas is not landlockedFalse
78%
There are no countries beginning with WTrue
74%
Managua is located in HondurasFalse
74%
Istanbul is larger than LondonTrue
70%
Port Moresby is in Papua New GuineaTrue
70%
Ukraine is larger than FranceTrue
70%
Latitude lines go West to EastTrue
67%
Indonesia is the fourth most populous countryTrue
63%
There are 34 cities that have at least a population of 10 million (megacities)True
59%
There are 11 provinces in CanadaFalse
56%
Iceland is larger than the island of IrelandTrue
56%
Karachi is the capital city in PakistanFalse
48%
There are 68 official cities in the United KingdomFalse
41%
There are 13 countries in South AmericaFalse
33%
Greenland is the largest island in the worldFalse
11%

Score Distribution

Percentile by Number Answered

Percent of People with Each Score

Your Score History

You have not taken this quiz